| 000 | 00888nam a22002657a 4500 | ||
|---|---|---|---|
| 001 | BR7375815 | ||
| 003 | BR-BrBNA | ||
| 005 | 20230928084442.0 | ||
| 007 | ta | ||
| 008 | 230509b bl.||||| |||| 00| 0 por d | ||
| 040 |
_aBR-BrBNA _bpor _cBiblioteca Nacional de Agricultura |
||
| 041 | _a(Spa) | ||
| 072 |
_aE10 _b/G514 |
||
| 090 | _ E10 BR7375815 | ||
| 110 | 1 |
_aInstituto Brasileiro de Reforma Agraria, Brasilia, DF _95814 |
|
| 111 | 1 |
_aConferencia Internacional sobre Reforma Agraria _cRoma (Italy) _dJun 1966 |
|
| 245 | 1 | _aArea prioritaria de Brasilia, Brasil 1966 [Reforma agraria] | |
| 260 | 3 |
_aBrasilia, DF (Brasil): _c1966. |
|
| 300 | _a24 p. | ||
| 500 | _a(*) Documento disponível no(a) Empresa Brasileira de Assistencia Tecnica e Extensao Rural, Brasilia, DF | ||
| 650 | _aREFORMA AGRARIA | ||
| 650 | _aBRASILIA | ||
| 909 |
_a202309 _bLucia _c55 _dLucia Elande |
||
| 942 | _cBK | ||
| 999 |
_c19051 _d19051 |
||